Parts of an engine - Statistics

General Stats
  • This quiz has been taken 228 times
  • The average score is 7 of 15
Answer Stats
Hint Answer % Correct
Ignites the fuel in the cylinder Spark plug
82%
Controls the lifters with lobes and runs from the crank Camshaft
75%
Moves the pistons with counterweights Crankshaft
74%
Makes electricity from power from the crank Alternator
62%
The base of the engine Engine block
60%
Lets exhaust out of cylinder Exhaust valve
47%
Mixes air and fuel Carburetor
45%
Pumps coolant around the engine and runs off the crank Water pump
44%
Lets fuel in to cylinder Intake valve
41%
Where valves are held Cylinder head
38%
Connects the crank to the cam Timing chain
38%
Controls opening of valves from the pushrod Rocker arm
35%
Runs of the cam and moves the rocker arm Push rod
33%
Pushes rocker arm back Valve spring
27%
Runs from the crank and sends spark to the plugs Distributor
23%
No matching quizzes found
Score Distribution
Percent of People with Each Score
Percentile by Number Answered
Your Score History
You have not taken this quiz